[Event "Aleman Memorial"]
[Site "Havana"]
[Date "2018.??.??"]
[Round "4"]
[White "Coca Rojas, Orlando"]
[Black "Robert Portal, Victor Luis"]
[Result "0-1"]
[WhiteElo "1934"]
[BlackElo "1907"]
[PlyCount "56"]
[EventDate "2018.02.02"]
[EventType "swiss"]
[EventRounds "7"]
[EventCountry "CUB"]
[SourceTitle "EXT 2021"]
[Source "ChessBase"]
[SourceDate "2020.10.23"]
[SourceVersion "1"]
[SourceVersionDate "2020.10.23"]
[SourceQuality "1"]

1. e4 c6 2. Nf3 d5 3. Nc3 Bg4 4. h3 Bxf3 5. Qxf3 e6 6. d4 Nf6 7. Bd3 Be7 8. e5 Nfd7 9. Qg3 Bf8 10. 0-0 a6 11. Ne2 c5 12. c3 Nc6 13. f4 g6 14. Qf2 cxd4 15. cxd4 f5 16. exf6 Qxf6 17. f5 gxf5 18. g4 Bd6 19. Bf4 Bxf4 20. Qxf4 0-0 21. gxf5 Kh8 22. Qd6 Qg7+ 23. Kh1 exf5 24. Rg1 Qf7 25. Rg5 f4 26. Rf1 f3 27. Rxd5 Nb6 28. Rc5 fxe2 0-1